| 000 | 00000nam 2200000zi 4500 |
| 001 | 9.934145 |
| 003 | CaOODSP |
| 005 | 20250115130536 |
| 006 | m o d f |
| 007 | cr mn||||||||| |
| 008 | 240219e196606##onca ob f000 0 eng d |
| 040 | |aCaOODSP|beng|erda|cCaOODSP |
| 086 | 1 |aId35-13/1966E-PDF |
| 245 | 04|aThe world market for aerospace products, 1965-1975. |
| 264 | 1|aOttawa : |bDepartment of Industry, |cJune 1966. |
| 300 | |a1 online resource (2 volumes) : |billustrations |
| 336 | |atext|btxt|2rdacontent |
| 337 | |acomputer|bc|2rdamedia |
| 338 | |aonline resource|bcr|2rdacarrier |
| 500 | |a"Aerospace study - volume 1"--1st volume, cover. |
| 500 | |aDigitized edition from print [produced by Innovation, Science and Economic Development Canada]. |
| 504 | |aIncludes bibliographical references. |
| 505 | 2 |aAppendix to volume 1. |
| 650 | 0|aAircraft industry|xForecasting. |
| 650 | 0|aAircraft supplies industry|xForecasting. |
| 650 | 0|aAircraft engine industry|xForecasting. |
| 650 | 0|aAerospace industries|xForecasting. |
| 650 | 0|aDemand (Economic theory)|xForecasting. |
| 650 | 6|aIndustrie aéronautique|xPrévision. |
| 650 | 6|aAvions|xÉquipement|xIndustrie|xPrévision. |
| 650 | 6|aAvions|xMoteurs|xIndustrie|xPrévision. |
| 650 | 6|aIndustries aérospatiales|xPrévision. |
| 650 | 6|aDemande (Théorie économique)|xPrévision. |
| 710 | 1 |aCanada. |bDepartment of Industry, |eissuing body. |
| 856 | 40|qPDF|s2.14 MB|uhttps://publications.gc.ca/collections/collection_2025/isde-ised/Id35-13-1966-eng.pdf |
| 856 | 40|qPDF|s21.30 MB|uhttps://publications.gc.ca/collections/collection_2025/isde-ised/Id35-13-1966-1-eng.pdf |